01890nam a2200337 a 450000100100000000500170001000800410002702000150006804000250008308200120010810000450012024501110016525000120027626000820028830000200037049000710039050400740046159000260053561000760056165100600063765100760069770000400077383000780081391000380089195201260092995201260105595201260118195201110130795201170141899900170153500002944120240410073847.0110415t2003 dr r 000 0 spa d a9993455369 aDO-SdBNPbspacBNPHU aF-RD 501 aSerra, José María,d1819-188891048010aApuntes para la historia de los Trinitarios /cJosé María Serra ; edición de Tomás Castro Burdiez. a7ª ed. aSanto Domingo :bFundación para la Educación y el Arte (EDUCARTE),c2003. a28 p. ;c21 cm.1 aCuadernos educativos y culturales. Serie independencia nacionalv9 aIncluye referencias bibliográficas y notas al pie de las páginas. aInventariado, 2018/BT24aLA TRINITARIA (SOCIEDAD POLÍTICA DE LA REPÚBLICA DOMINICANA)910481 0aRepública Dominicana --xHistoria --y1844-193091009 4aRepública DominicanaxHistoriayOCUPACIÓN HAITIANA, 1822-184497666 2aCastro, Tomás,d1959-eed.924641 0aCuadernos educativos y culturales. Serie independencia nacionaln9956317 aValidado. Control de calidad. EMS 001054708DSaGRbGRcHDd2015-02-09iLF1l0oF-RD 50p29441-30r2020-06-25te. 3w2020-06-25yLFDSZPréstamo en sala 001054708DSaGRbGRcHDd2015-02-09iLF1l0oF-RD 50p29441-40r2020-06-25te. 4w2020-06-25yLFDSZPréstamo en sala 001054708DSaGRbGRcHDd2015-02-09iLF1l0oF-RD 50p29441-50r2020-06-25te. 5w2020-06-25yLFDSZPréstamo en sala 0010718PDaPDbPDcHDd2011-04-15iLF1l0oF-RD 50p29441-10r2020-06-25w2020-06-25yLFPDZNo se presta 0010718PDaPDbPDcHDd2011-05-03iLF1l0oF-RD 50p29441-20r2020-06-25te. 2w2020-06-25yLFPDZNo se presta c28933d28933